00548nam a2200169Ia 4500008004100000040001800041041000800059100002600067245005000093260005000143300001800193504007200211650002200283650002800305650002800333650001700361130821s1963 mx gr spa  aCo-BoUCMbspa aspa aHaller GILMER, B. Van aPsicología IndustrialcB. Van Haller Gilmer aMéxico D.F. (México)bGrijalba S.A.c1963 a605 páginas aBibliografía general p. 579 - 598.-- Indice de autores p. 599-60004aCiencias sociales04aPsicología industrial04aSociología industrial04aSociología